| 000 | 00433nam a22001337a 4500 | ||
|---|---|---|---|
| 999 |
_c504255 _d504255 |
||
| 005 | 20180806165826.0 | ||
| 008 | 180806b ||||| |||| 00| 0 eng d | ||
| 040 | _c | ||
| 100 |
_aIndia. Lok Sabha _9206 |
||
| 245 |
_aDepartmentally Related Standing Committees: a review _bby Lok Sabha |
||
| 260 |
_aNew Delhi _bLok Sabha Secretariat |
||
| 500 | _aLibrary has 1994/95-1997/98, 1999/2000, 2001/02, 2003/04-2006-07 | ||
| 942 |
_2ddc _cGG |
||